Statistics for NFL Offensive Players Of The Year

Click here to take the quiz!

General Stats

  • This quiz has been taken 1,018 times
  • The average score is 32 of 44

Answer Stats

YearPositionTeamAnswer% Correct
2015QBPanthersCam Newton
98%
2011QBSaintsDrew Brees
97%
2008QBSaintsDrew Brees
97%
2013QBBroncosPeyton Manning
97%
2004QBColtsPeyton Manning
97%
2010QBPatriotsTom Brady
97%
2007QBPatriotsTom Brady
97%
2012RBVikingsAdrian Peterson
93%
1987WR49ersJerry Rice
92%
1993WR49ersJerry Rice
92%
1997RBLionsBarry Sanders
90%
1994RBLionsBarry Sanders
90%
1989QB49ersJoe Montana
90%
2006RBChargersLaDainian Tomlinson
89%
1995QBPackersBrett Favre
88%
1992QB49ersSteve Young
87%
1984QBDolphinsDan Marino
82%
2001RBRamsMarshall Faulk
82%
1999RBRamsMarshall Faulk
82%
2000RBRamsMarshall Faulk
82%
2009RBTitansChris Johnson
81%
2014RBCowboysDemarco Murray
76%
2005RBSeahawksShaun Alexander
76%
1990QBOilersWarren Moon
76%
1973RBBillsO.J. Simpson
74%
1996RBBroncosTerrell Davis
72%
1998RBBroncosTerrell Davis
72%
1977RBBearsWalter Payton
72%
1986RBLA RamsEric Dickerson
71%
1980RBOilersEarl Campbell
60%
1978RBOilersEarl Campbell
60%
1979RBOilersEarl Campbell
60%
1975QBVikingsFran Tarkenton
60%
1985RBLA RaidersMarcus Allen
60%
1991RBBillsThurman Thomas
60%
2002RBChiefsPriest Holmes
58%
2003RBRavensJamal Lewis
56%
1982QBChargersDan Fouts
54%
1983QBRedskinsJoe Theismann
46%
1981QBBengalsKen Anderson
44%
1974QBRaidersKen Stabler
42%
1988RB49ersRoger Craig
36%
1976QBB. ColtsBert Jones
24%
1972RBRedskinsLarry Brown
24%

Score Distribution

Percentile by Number Answered

Percent of People with Each Score

Your Score History

You have not taken this quiz